000 00384nam a2200157Ia 4500
001 37473
005 20240114001934.0
007 ta
008 070611s g b000 u u
082 _a822.33
_bId 2 Po
100 _aIde, R S .
245 0 _aPossessed with Greatness /
_cR S Ide.
_hTextual Documents
653 _aEnglish Literature
942 _2ddc
_cBK
999 _c37452
_d37452